Spoznajte svojho klienta
Nákupné reťazce u nás objavili fenomén vernostných kariet pred pätnástimi rokmi. Predajcovia nimi chcú odmeňovať verných zákazníkov a motivovať ich k ďalšiemu nákupu. Zároveň slúžia ako zdroj informácií o klientoch pre cielené marketingové aktivity. Na základe databáz o klientoch sa dajú analyzovať...
Na minha lista:
| Autor principal: | |
|---|---|
| Formato: | Capítulo de Livro |
| Idioma: | eslovaco |
| Assuntos: | |
| Tags: |
Sem tags, seja o primeiro a adicionar uma tag!
|
MARC
| LEADER | 00000naa a2200000 4500 | ||
|---|---|---|---|
| 001 | 0198642 | ||
| 005 | 20231208070717.6 | ||
| 041 | 0 | |a slo | |
| 044 | |a SK | ||
| 245 | 1 | 0 | |a Spoznajte svojho klienta |c Matej Gašparovič |
| 520 | |a Nákupné reťazce u nás objavili fenomén vernostných kariet pred pätnástimi rokmi. Predajcovia nimi chcú odmeňovať verných zákazníkov a motivovať ich k ďalšiemu nákupu. Zároveň slúžia ako zdroj informácií o klientoch pre cielené marketingové aktivity. Na základe databáz o klientoch sa dajú analyzovať životné preferencie kupujúcich, a tým aj cielene pracovať s nákupnými návykmi zákazníkov. | ||
| 610 | 2 | 0 | |a reťazce obchodné |
| 610 | 2 | 0 | |a karty zákaznícke |
| 610 | 2 | 0 | |a zákazníci |
| 610 | 2 | 0 | |a motivácia |
| 610 | 2 | 0 | |a marketing |
| 610 | 2 | 0 | |a marketing nákupný |
| 100 | 1 | |a Gašparovič, Matej | |